000
00269nam a2200121Ia 4500
100
_a
#N/A
650
_a
Computer
942
_c
BK
654
_a
OPEN OFFICE
245
_a
LFY Oct 2009 Open Office . org 3 for Linux & windows
260
_b
LFY
_c
2009
546
_a
ENGLISH
999
_c
32769
_d
32769